00610nam a2200205Ia 450000500170000000800410001702000150005808200130007310000150008624500870010126000360018830000180022450000060024265000100024865000120025865000180027094200060028895200950029499900150038920250130054846.0240331s9999 xx 000 0 und d a0862326796 a954bWEW aLalita, K  0aWe were making history :blife stories of women in the Telangana people's struggle aNew DelhibKali For Womenc1989 avii, 290 p ., a  aWomen aHistory aAncient India cL 001040708LaWERCLbWERCLcSSCd2024-03-31l0o 954 WEWp1436r2024-03-31w2024-03-31yL c1033d1033